000 00603nam a22001937a 4500
999 _c16539
_d16539
003 OSt
005 20171006101838.0
008 171006b xxu||||| |||| 00| 0 eng d
020 _a9966446540
040 _aKABU
_cKABU
050 _aPE1128
_b.E93 2005 Bk.1
245 _aExcelling in English :
_ban integrated approach : form one students' book
_cPhyllis Mwangi ... [et al.]
250 _a3rd ed.
260 _aNairobi
_bKLB
_c2005
300 _avii, 176 p.
650 _aEnglish language
_vTextbooks
700 _aMwangi, Phyllis
942 _2lcc
_cBK
_hPE1128
_i.E93 2005 Bk.1